00434nam a22001571a 450000500170000000800410001702000090005804000260006708200200009310000190011324500570013226000380018930000090022760000370023685200030027320150106020004.0090818s1964 001 0 eng d c0.00 aNEGST Library - Kenya0 aBV 1546.J3 19591 aJames, Jean H.10aPrimary teaching in Sunday schools /cJean H. James. aLondon :bScripture Union,c1964. a73p.10aChristian education of children.